000 00575nam a22002057a 4500
003 KOHA_MİRAKIL
005 20260330110715.0
008 260330b tu ||||| |||| 00| 0 tur d
020 _a9786254159824
040 _aTR-AnABB
_btur
_cTR-AnABB
041 _atur
082 _a811.42
_bDIK 2025
100 1 _aDikmen, Veysel
245 1 0 _aDüşünen baykuştan şiirler /
_cVeysel Dikmen
260 _aAnkara :
_bKlaros Yayınları,
_c2025
300 _a336 sayfa ;
_c20 cm
500 _aYazar imzalı
650 0 4 _aTürk edebiyatı, şiir
942 _2ddc
_cBK
999 _c10078
_d10078
900 _bCan ÇELIK